• 首页
  • 本馆介绍
  • 公告通知
  • 最新文献
  • 馆藏检索
  • 电子资源
  • 读者导购
  • 参考咨询
  • 我的图书馆
  • 登录
  • 详细信息显示
  • 放入我的书架
  • 预约/预借图书
  • 作者相关作品
  • 分类相关作品
  • 丛书相关作品
  • 出版社相关作品

书目信息

  • 表格格式
  • 工作单格式
  • 卡片格式
题名:
图说中国古典园林史
    
 
作者: 王其钧 著
分册:  
出版信息: 北京   中国水利水电出版社  2007
页数: 277页
开本: 22×22cm
丛书名: 图说系列丛书
单 册:
中图分类: TU-098.42
科图分类:
主题词: 古典园林--建筑史--中国
电子资源:
ISBN: 978-7-5084-4376-8
000 00837oam2 2200241 450
001 1531294493
005 20150118084353.34
010    @a978-7-5084-4376-8@dCNY88.00
100    @a20070723d2007 em y0chiy50 ea
101 0  @achi
102    @aCN@b110000
105    @aa z 000yy
200 1  @a图说中国古典园林史@9tu shuo zhong guo gu dian yuan lin shi@f王其钧著
210    @a北京@c中国水利水电出版社@d2007
215    @a277页@d22×22cm
225 2  @a图说系列丛书
330    @a本书剖析了中国古典园林的历史,并列举大量的实例,包括北方园林、江南园林、岭南园林及其他地区园林,对其园林的类型、发展阶段和历史沿革等进行了分析讲解。
461  0 @12001 @a图说系列丛书
606 0  @a古典园林@x建筑史@y中国
690    @aTU-098.42@v5
701  0 @a王其钧@9wang qi jun@f(1954~)@4著
801  0 @aCN@bTSSF@c20150118
905    @aZUCC@dTU-098.42@eJY66
    
    图说中国古典园林史/王其钧著.-北京:中国水利水电出版社,2007
    277页;22×22cm.-(图说系列丛书)
    
    
    ISBN 978-7-5084-4376-8:CNY88.00
    本书剖析了中国古典园林的历史,并列举大量的实例,包括北方园林、江南园林、岭南园林及其他地区园林,对其园林的类型、发展阶段和历史沿革等进行了分析讲解。
●
相关链接 在E读中查询图书 在五车中查询图书 在当当中查询图书 在豆瓣中查询图书


正题名:图说中国古典园林史     索取号:TU-098.42/JY66         预约/预借

序号 登录号 条形码 馆藏地/架位号 状态 备注
1 7853507   278535079   学院路分馆/ [索取号:TU-098.42/JY66] 在馆    
2 7853508   278535088   学院路分馆/ [索取号:TU-098.42/JY66] 在馆    
唐山师范学院图书馆 欢迎您!
大连网信软件有限公司© 版权所有